James Watt : (Record no. 12414)
[ view plain ]
| 000 -LEADER | |
|---|---|
| fixed length control field | 00644nam a22002057a 4500 |
| 003 - CONTROL NUMBER IDENTIFIER | |
| control field | OSt |
| 005 - DATE AND TIME OF LATEST TRANSACTION | |
| control field | 20140310182353.0 |
| 008 - FIXED-LENGTH DATA ELEMENTS--GENERAL INFORMATION | |
| fixed length control field | 131001t xxu||||| |||| 00| 0 eng d |
| 020 ## - INTERNATIONAL STANDARD BOOK NUMBER | |
| International Standard Book Number | 1850152543 |
| 050 ## - LIBRARY OF CONGRESS CALL NUMBER | |
| Classification number | TJ 140 |
| Item number | .Sp771 1994 |
| 082 ## - DEWEY DECIMAL CLASSIFICATION NUMBER | |
| Classification number | GS 509.2 |
| Item number | Sp8 1992 |
| 100 ## - MAIN ENTRY--PERSONAL NAME | |
| Personal name | Sproule, Anna |
| 9 (RLIN) | 12567 |
| 245 ## - TITLE STATEMENT | |
| Title | James Watt : |
| Remainder of title | the story of the development of steam engines and how they created our industrial / |
| Statement of responsibility, etc | Anna Sproule. |
| 260 ## - PUBLICATION, DISTRIBUTION, ETC. (IMPRINT) | |
| Place of publication, distribution, etc | Watford : |
| Name of publisher, distributor, etc | Exley Pubcations, |
| Date of publication, distribution, etc | 1994. |
| 300 ## - PHYSICAL DESCRIPTION | |
| Extent | 64 p. : |
| Other physical details | col. ill. ; |
| Dimensions | 21 cm. |
| 650 ## - SUBJECT ADDED ENTRY--TOPICAL TERM | |
| Topical term or geographic name as entry element | Scientist. |
| 9 (RLIN) | 22245 |
| 650 ## - SUBJECT ADDED ENTRY--TOPICAL TERM | |
| Topical term or geographic name as entry element | Steam engines. |
| 9 (RLIN) | 22246 |
| 942 ## - ADDED ENTRY ELEMENTS (KOHA) | |
| Source of classification or shelving scheme | Library of Congress Classification |
| Koha item type | |
| Withdrawn status | Lost status | Source of classification or shelving scheme | Damaged status | Home library | Current library | Shelving location | Date acquired | Total Checkouts | Full call number | Barcode | Date last seen | Date checked out | Copy number | Price effective from | Koha item type |
|---|---|---|---|---|---|---|---|---|---|---|---|---|---|---|---|
| Library of Congress Classification | Luxembourg Library | Luxembourg Library | Grade School Section | 10/01/2013 | 1 | TJ 140 .Sp771 1994 | 2071 | 01/12/2015 | 11/11/2014 | 1 | 10/01/2013 | Books |